00512nam a2200157Ia 4500003000400000008004100004040001600045082002100061100001800082245012200100260005300222300001000275650001200285650002300297650003400320GCL140319s9999 xx 000 0 eng d aGCL / cGCL04a620.1404223bC C1 aQINGQUAN, LIU10aCORROSION OF GLASS, CERAMIC SUPERCONDUCTORS: PRINCIPLES, TESTING, CHARACTERIZATION AND APPLICATIONS / cQINGQUAN, LIU a[S.N] : bMacmillan Publishing Company ، c1992 a672 P04aSCIENCE04aCERAMICS MATERIALS04aCORROSION RESISTANT MATERIALS